States That Don’t Have DII College Football Teams - Statistics

General Stats
  • This quiz has been taken 9 times
  • The average score is 12 of 16
Answer Stats
Answer % Correct
Montana
100%
Alaska
88%
Hawaii
88%
Idaho
88%
Maine
88%
Vermont
88%
Wyoming
88%
Arizona
75%
Delaware
75%
Rhode Island
75%
Wisconsin
75%
Louisiana
63%
Nevada
50%
New Jersey
50%
Utah
50%
California
38%
No matching quizzes found
Score Distribution
Percent of People with Each Score
Percentile by Number Answered
Your Score History
You have not taken this quiz